000 01067nam2a22002411 4500
001 v19\rc\1631582
005 20250618233411.0
035 _a(NLR Aleph) 004746749
090 _a4518344
_c4518344
100 _a20061002f18261917|||y0rusy50 ca
101 0 _arus
102 _aRU
105 _ay z |||||
200 0 _a... за 1904 г.
_e(XVIII-й г. существования)
300 _aЗа 1905-1906, 1908 печатается в журн. "Тульские епарх. ведомости" за 1906-1907, 1909 г. (Шифр: 5/60)
461 0 _1001v19\rc\1631576
_12001#$aОтчет о деятельности и суммах...$v... за 1904 г.
_94518317
_aТульское епархиальное братство во имя св. Иоанна Предтечи
_cТула
_d1899
_p6 т.
_tОтчет о деятельности и суммах...
_v... за 1904 г.
801 0 _aRU
_bNLR
_gpsbo
801 0 _aRU
_bRuMoRGB
_2psbo
801 1 _aRU
_bProSoft-M
_2rusmarc
852 _aNLR
_j20.106.7.88(6)
852 _aNLR
_j20.106.7.88
942 _cBOOK
980 _aNB